[Event "XX Open Internacional Sant Marti 2018"]
[Site "Barcelona"]
[Date "2018.07.20"]
[Round "8.1"]
[White "Guseinov, Gadir"]
[Black "Quesada Perez, Yasser"]
[Result "1-0"]
[BlackElo "2531"]
[WhiteElo "2654"]
[LiveChessVersion "1.4.8"]

1. e4 {[%clk 1:23:31]} e5 {[%clk 1:30:48]} 2. Nf3 {[%clk 1:23:52]} Nc6
{[%clk 1:31:11]} 3. Bb5 {[%clk 1:24:17]} Nf6 {[%clk 1:31:31]} 4. O-O
{[%clk 1:24:06]} Nxe4 {[%clk 1:31:57]} 5. d4 {[%clk 1:22:39]} Nd6
{[%clk 1:32:17]} 6. Bxc6 {[%clk 1:21:41]} dxc6 {[%clk 1:32:40]} 7. dxe5
{[%clk 1:22:07]} Nf5 {[%clk 1:33:04]} 8. Qxd8+ {[%clk 1:22:31]} Kxd8
{[%clk 1:33:30]} 9. h3 {[%clk 1:22:52]} h5 {[%clk 1:33:42]} 10. Rd1+
{[%clk 1:19:45]} Ke8 {[%clk 1:34:06]} 11. Nc3 {[%clk 1:20:10]} Be7
{[%clk 1:33:44]} 12. Ne2 {[%clk 1:18:31]} Be6 {[%clk 1:31:06]} 13. Nf4
{[%clk 1:16:45]} Bc8 {[%clk 1:29:21]} 14. Ne2 {[%clk 1:13:43]} Be6
{[%clk 1:28:40]} 15. b3 {[%clk 1:09:41]} Bd5 {[%clk 1:22:36]} 16. Nfd4
{[%clk 1:09:03]} Nxd4 {[%clk 1:13:41]} 17. Nxd4 {[%clk 1:09:16]} Be4
{[%clk 1:13:59]} 18. f3 {[%clk 0:59:20]} Bh7 {[%clk 1:12:45]} 19. g4
{[%clk 0:59:00]} Rd8 {[%clk 1:08:16]} 20. Be3 {[%clk 0:54:55]} Bc5
{[%clk 1:07:36]} 21. c4 {[%clk 0:52:22]} Bxd4 {[%clk 1:05:12]} 22. Rxd4
{[%clk 0:47:07]} Rxd4 {[%clk 0:53:02]} 23. Bxd4 {[%clk 0:47:20]} b6
{[%clk 0:53:07]} 24. Be3 {[%clk 0:39:26]} Kd7 {[%clk 0:45:08]} 25. Rd1+
{[%clk 0:37:26]} Kc8 {[%clk 0:45:31]} 26. Bg5 {[%clk 0:35:53]} c5
{[%clk 0:44:56]} 27. Rd2 {[%clk 0:30:48]} a5 {[%clk 0:43:28]} 28. Kg2
{[%clk 0:30:03]} hxg4 {[%clk 0:41:26]} 29. hxg4 {[%clk 0:30:17]} Rf8
{[%clk 0:41:37]} 30. Kg3 {[%clk 0:24:49]} f6 {[%clk 0:41:48]} 31. Bf4
{[%clk 0:24:40]} Rd8 {[%clk 0:39:13]} 32. Rh2 {[%clk 0:24:49]} Bb1
{[%clk 0:39:10]} 33. exf6 {[%clk 0:09:57]} gxf6 {[%clk 0:39:33]} 34. Bh6
{[%clk 0:10:19]} Rd7 {[%clk 0:38:07]} 35. Rb2 {[%clk 0:09:14]} Bd3
{[%clk 0:37:49]} 36. Bd2 {[%clk 0:08:38]} Kd8 {[%clk 0:31:52]} 37. Bc3
{[%clk 0:08:42]} Ke7 {[%clk 0:31:55]} 38. Kf4 {[%clk 0:06:58]} Rd6
{[%clk 0:30:44]} 39. g5 {[%clk 0:05:40]} fxg5+ {[%clk 0:30:51]} 40. Kxg5
{[%clk 0:06:08]} a4 {[%clk 0:11:23]} 41. Be5 {[%clk 0:06:09]} Rg6+
{[%clk 0:11:46]} 42. Kf4 {[%clk 0:06:34]} axb3 {[%clk 0:11:43]} 43. axb3
{[%clk 0:06:56]} b5 {[%clk 0:07:48]} 44. cxb5 {[%clk 0:06:29]} Bxb5
{[%clk 0:08:10]} 45. Bxc7 {[%clk 0:06:00]} c4 {[%clk 0:08:36]} 46. Be5
{[%clk 0:04:35]} cxb3 {[%clk 0:08:24]} 47. Rxb3 {[%clk 0:05:01]} Bc4
{[%clk 0:08:03]} 48. Rb7+ {[%clk 0:05:02]} Ke6 {[%clk 0:08:22]} 49. Rb6+
{[%clk 0:04:23]} Kf7 {[%clk 0:08:48]} 50. Rb4 {[%clk 0:04:48]} Bd3
{[%clk 0:09:07]} 51. Rb7+ {[%clk 0:04:40]} Ke6 {[%clk 0:09:25]} 52. Bd4
{[%clk 0:04:51]} Bc2 {[%clk 0:08:04]} 53. Ra7 {[%clk 0:03:18]} Bd3
{[%clk 0:08:24]} 54. Ke3 {[%clk 0:03:26]} Bc2 {[%clk 0:08:18]} 55. Rc7
{[%clk 0:03:12]} Bb1 {[%clk 0:08:12]} 56. Rc5 {[%clk 0:03:11]} Rg8
{[%clk 0:07:45]} 57. Re5+ {[%clk 0:02:40]} Kd6 {[%clk 0:08:09]} 58. f4
{[%clk 0:02:56]} Rg3+ {[%clk 0:07:54]} 59. Kf2 {[%clk 0:03:25]} Rd3
{[%clk 0:08:12]} 60. Bc5+ {[%clk 0:03:39]} Kc6 {[%clk 0:08:36]} 61. Be7
{[%clk 0:03:28]} Rd5 {[%clk 0:08:43]} 62. Re1 {[%clk 0:03:56]} Bf5
{[%clk 0:08:08]} 63. Kg3 {[%clk 0:04:25]} Rd2 {[%clk 0:07:32]} 64. Kh4
{[%clk 0:03:50]} Rg2 {[%clk 0:07:56]} 65. Kh5 {[%clk 0:04:03]} Kd7
{[%clk 0:07:23]} 66. Bg5 {[%clk 0:03:37]} Rh2+ {[%clk 0:06:22]} 67. Bh4
{[%clk 0:04:06]} Rg2 {[%clk 0:06:45]} 68. Re5 {[%clk 0:04:13]} Bc2
{[%clk 0:06:44]} 69. f5 {[%clk 0:03:46]} Kd6 {[%clk 0:05:29]} 70. Ra5
{[%clk 0:03:57]} Bb3 {[%clk 0:03:32]} 71. Bg5 {[%clk 0:03:33]} Bf7+
{[%clk 0:03:41]} 72. Kh6 {[%clk 0:03:49]} Bc4 {[%clk 0:03:32]} 73. f6
{[%clk 0:02:45]} Ke6 {[%clk 0:02:37]} 74. Kg6 {[%clk 0:01:30]} Bd3+
{[%clk 0:02:24]} 75. Kg7 {[%clk 0:01:52]} Rb2 {[%clk 0:01:58]} 76. Ra7
{[%clk 0:01:27]} Rg2 {[%clk 0:02:22]} 77. Ra5 {[%clk 0:01:16]} Rb2
{[%clk 0:02:51]} 78. Bh4 {[%clk 0:00:40]} Rb7+ {[%clk 0:02:49]} 79. Kh6
{[%clk 0:01:04]} Rh7+ {[%clk 0:03:09]} 80. Kg5 {[%clk 0:01:33]} Rh8
{[%clk 0:02:10]} 81. Ra7 {[%clk 0:01:30]} Rh7 {[%clk 0:01:52]} 82. Ra3
{[%clk 0:01:55]} Bc2 {[%clk 0:01:40]} 83. Re3+ {[%clk 0:01:40]} Kf7
{[%clk 0:01:58]} 84. Rc3 {[%clk 0:01:54]} Bb1 {[%clk 0:02:14]} 85. Bg3
{[%clk 0:01:59]} Be4 {[%clk 0:02:18]} 86. Rc8 {[%clk 0:01:45]} Bb1
{[%clk 0:02:33]} 87. Bd6 {[%clk 0:01:19]} Bd3 {[%clk 0:02:48]} 88. Ba3
{[%clk 0:01:21]} Bb1 {[%clk 0:02:44]} 89. Rc1 {[%clk 0:00:34]} Bd3
{[%clk 0:03:09]} 90. Bb2 {[%clk 0:00:38]} Be4 {[%clk 0:03:18]} 91. Kf4
{[%clk 0:00:40]} Bd3 {[%clk 0:02:32]} 92. Kg5 {[%clk 0:00:47]} Be4
{[%clk 0:02:58]} 93. Ba3 {[%clk 0:01:06]} Bd3 {[%clk 0:03:18]} 94. Bb4
{[%clk 0:01:34]} Ke6 {[%clk 0:03:09]} 95. Rc8 {[%clk 0:00:58]} Bb1
{[%clk 0:03:20]} 96. Ba3 {[%clk 0:00:52]} Bd3 {[%clk 0:03:40]} 97. Rc6+
{[%clk 0:01:07]} Kf7 {[%clk 0:04:04]} 98. Rc1 {[%clk 0:01:27]} Ke6
{[%clk 0:04:27]} 99. Bb2 {[%clk 0:01:34]} Kf7 {[%clk 0:04:47]} 100. Kf4
{[%clk 0:01:51]} Kg6 {[%clk 0:03:35]} 101. Ke5 {[%clk 0:02:05]} Kf7
{[%clk 0:02:46]} 102. Bd4 {[%clk 0:01:19]} Rh5+ {[%clk 0:02:44]} 103. Kd6 Rh7
{[%clk 0:03:04]} 104. Rc7+ {[%clk 0:02:04]} Ke8 {[%clk 0:03:02]} 105. f7+
{[%clk 0:01:12]} Kf8 {[%clk 0:03:31]} 106. Ke6 {[%clk 0:00:35]} Rh6+
{[%clk 0:02:24]} 107. Ke5 {[%clk 0:01:04]} Rh5+ {[%clk 0:02:36]} 108. Kf6
{[%clk 0:01:18]} Rh6+ {[%clk 0:00:38]} 109. Kg5 {[%clk 0:01:43]} Rg6+
{[%clk 0:00:37]} 110. Kh5 {[%clk 0:01:55]} 1-0

[Event "XX Open Internacional Sant Marti 2018"]
[Site "Barcelona"]
[Date "2018.07.20"]
[Round "8.2"]
[White "Pena Gomez, Manuel"]
[Black "Martinez Alcantara, Jose Eduardo"]
[Result "1/2-1/2"]
[BlackElo "2545"]
[WhiteElo "2475"]
[LiveChessVersion "1.4.8"]

1. g3 {[%clk 1:30:52]} c5 {[%clk 1:30:56]} 2. Bg2 {[%clk 1:31:01]} Nc6
{[%clk 1:31:22]} 3. c4 {[%clk 1:31:11]} g6 {[%clk 1:31:49]} 4. Nc3
{[%clk 1:31:16]} Bg7 {[%clk 1:32:17]} 5. e4 {[%clk 1:28:04]} a6 {[%clk 1:32:43]}
6. Nge2 {[%clk 1:22:32]} b5 {[%clk 1:33:08]} 7. d3 {[%clk 1:19:50]} Rb8
{[%clk 1:33:31]} 8. O-O {[%clk 1:16:48]} bxc4 {[%clk 1:33:26]} 9. dxc4
{[%clk 1:17:04]} d6 {[%clk 1:33:23]} 10. b3 {[%clk 1:06:29]} Nf6 {[%clk 1:28:06]}
11. h3 {[%clk 1:04:57]} O-O {[%clk 1:25:40]} 12. Be3 {[%clk 1:01:46]} e5
{[%clk 1:23:53]} 13. f4 {[%clk 0:50:30]} Nd4 {[%clk 1:07:24]} 14. f5
{[%clk 0:47:18]} gxf5 {[%clk 0:59:52]} 15. Bg5 {[%clk 0:46:53]} h6
{[%clk 0:45:47]} 16. Bh4 {[%clk 0:45:50]} Be6 {[%clk 0:45:36]} 17. Nd5
{[%clk 0:36:53]} Bxd5 {[%clk 0:41:59]} 18. exd5 {[%clk 0:36:36]} Qe8
{[%clk 0:38:06]} 19. Kh1 {[%clk 0:31:48]} Nd7 {[%clk 0:33:58]} 20. Nxd4
{[%clk 0:23:15]} cxd4 {[%clk 0:27:13]} 21. Qh5 {[%clk 0:23:43]} f4
{[%clk 0:26:39]} 22. Qf5 {[%clk 0:22:54]} Nc5 {[%clk 0:25:28]} 23. gxf4
{[%clk 0:20:12]} Qc8 {[%clk 0:18:37]} 24. fxe5 {[%clk 0:16:14]} Qxf5
{[%clk 0:16:29]} 25. Rxf5 {[%clk 0:16:43]} dxe5 {[%clk 0:13:34]} 26. Be7
{[%clk 0:16:57]} Rfc8 {[%clk 0:14:03]} 27. Rg1 {[%clk 0:17:18]} e4
{[%clk 0:11:41]} 28. d6 {[%clk 0:11:07]} d3 {[%clk 0:10:06]} 29. b4
{[%clk 0:10:38]} Ne6 {[%clk 0:09:53]} 30. Bxe4 {[%clk 0:10:37]} Rxc4
{[%clk 0:08:14]} 31. Bxd3 {[%clk 0:09:36]} Rd4 {[%clk 0:07:32]} 32. Bxa6
{[%clk 0:08:07]} Rbxb4 {[%clk 0:06:40]} 33. Rf2 {[%clk 0:06:02]} Rb8
{[%clk 0:05:08]} 34. Rc2 {[%clk 0:01:48]} Kh7 {[%clk 0:04:11]} 35. Bc4
{[%clk 0:01:30]} Ng5 {[%clk 0:03:08]} 36. Rg3 {[%clk 0:00:54]} Ne4
{[%clk 0:00:47]} 37. Bd3 {[%clk 0:00:51]} f5 {[%clk 0:01:00]} 38. Bxe4
{[%clk 0:01:05]} fxe4 {[%clk 0:01:15]} 39. Rcg2 {[%clk 0:00:31]} Be5
{[%clk 0:01:21]} 40. Rb3 {[%clk 0:00:34]} Rxb3 {[%clk 0:00:40]} 41. axb3
{[%clk 0:01:04]} Bxd6 {[%clk 0:00:54]} 42. Bxd6 {[%clk 0:01:26]} 1/2-1/2

[Event "XX Open Internacional Sant Marti 2018"]
[Site "Barcelona"]
[Date "2018.07.20"]
[Round "8.4"]
[White "Alonso Rosell, Alvar"]
[Black "Neelash, Saha"]
[Result "1-0"]
[BlackElo "2319"]
[WhiteElo "2523"]
[LiveChessVersion "1.4.8"]

1. d4 {[%clk 1:24:59]} e6 {[%clk 1:30:50]} 2. c4 {[%clk 1:25:24]} Nf6
{[%clk 1:31:15]} 3. Nf3 {[%clk 1:24:55]} d5 {[%clk 1:31:38]} 4. Nc3
{[%clk 1:25:21]} Bb4 {[%clk 1:30:47]} 5. Qa4+ {[%clk 1:25:45]} Nc6
{[%clk 1:31:13]} 6. e3 {[%clk 1:26:10]} O-O {[%clk 1:31:12]} 7. Bd2
{[%clk 1:26:30]} a6 {[%clk 1:30:20]} 8. a3 {[%clk 1:21:48]} Bxc3 {[%clk 1:29:04]}
9. Bxc3 {[%clk 1:22:10]} Ne4 {[%clk 1:27:37]} 10. Qc2 {[%clk 1:20:35]} Nxc3
{[%clk 1:26:40]} 11. Qxc3 {[%clk 1:20:41]} Re8 {[%clk 1:19:20]} 12. Rd1
{[%clk 1:13:25]} Qe7 {[%clk 1:12:26]} 13. Be2 {[%clk 1:09:37]} Bd7
{[%clk 1:03:53]} 14. O-O {[%clk 1:06:25]} dxc4 {[%clk 1:00:15]} 15. Bxc4
{[%clk 1:06:09]} Na7 {[%clk 1:00:39]} 16. Rfe1 {[%clk 1:01:36]} Bb5
{[%clk 1:00:13]} 17. Ba2 {[%clk 1:01:37]} Rec8 {[%clk 1:00:09]} 18. d5
{[%clk 0:45:35]} Bd7 {[%clk 0:48:38]} 19. Ne5 {[%clk 0:29:52]} exd5
{[%clk 0:41:38]} 20. Nxd7 {[%clk 0:22:24]} Qxd7 {[%clk 0:39:14]} 21. Rxd5
{[%clk 0:22:45]} Qe7 {[%clk 0:39:27]} 22. Re5 {[%clk 0:19:06]} Qf6
{[%clk 0:39:28]} 23. Qc5 {[%clk 0:18:14]} Nb5 {[%clk 0:32:07]} 24. f4
{[%clk 0:12:13]} Qd6 {[%clk 0:29:29]} 25. Qc2 {[%clk 0:04:03]} Qd7
{[%clk 0:27:01]} 26. Rd1 {[%clk 0:03:54]} Nd6 {[%clk 0:26:31]} 27. e4
{[%clk 0:03:15]} Qg4 {[%clk 0:25:41]} 28. Rf1 {[%clk 0:03:13]} Qd7
{[%clk 0:24:41]} 29. h3 {[%clk 0:02:14]} c6 {[%clk 0:20:45]} 30. Rd1
{[%clk 0:02:30]} Qc7 {[%clk 0:20:29]} 31. Rg5 {[%clk 0:01:36]} Qe7
{[%clk 0:16:08]} 32. e5 {[%clk 0:01:11]} Nb5 {[%clk 0:16:31]} 33. Rf5
{[%clk 0:01:09]} Rf8 {[%clk 0:16:56]} 34. a4 {[%clk 0:00:33]} Nc7
{[%clk 0:17:15]} 35. Rd6 {[%clk 0:00:54]} Ne8 {[%clk 0:16:15]} 36. Rh5
{[%clk 0:01:00]} h6 {[%clk 0:14:39]} 37. Rdxh6 {[%clk 0:01:22]} gxh6
{[%clk 0:14:08]} 38. Rxh6 {[%clk 0:01:47]} Nf6 {[%clk 0:13:54]} 39. Qg6#
{[%clk 0:02:11]} 1-0

[Event "XX Open Internacional Sant Marti 2018"]
[Site "Barcelona"]
[Date "2018.07.20"]
[Round "8.5"]
[White "Perez Mitjans, Orelvis"]
[Black "Munoz, Miguel"]
[Result "0-1"]
[BlackElo "2500"]
[WhiteElo "2399"]
[LiveChessVersion "1.4.8"]

1. e4 {[%clk 1:30:17]} d5 {[%clk 1:23:50]} 2. exd5 {[%clk 1:27:24]} Nf6
{[%clk 1:24:02]} 3. Nf3 {[%clk 1:27:49]} Qxd5 {[%clk 1:24:20]} 4. d4
{[%clk 1:27:40]} Bg4 {[%clk 1:23:38]} 5. Be2 {[%clk 1:27:59]} Nc6
{[%clk 1:23:29]} 6. h3 {[%clk 1:28:12]} Bxf3 {[%clk 1:18:34]} 7. Bxf3
{[%clk 1:28:39]} Qd6 {[%clk 1:16:06]} 8. c3 {[%clk 1:27:36]} O-O-O
{[%clk 1:07:47]} 9. O-O {[%clk 1:27:13]} e5 {[%clk 1:07:12]} 10. Nd2
{[%clk 1:27:36]} exd4 {[%clk 1:06:04]} 11. Nc4 {[%clk 1:27:55]} Qc5
{[%clk 1:05:37]} 12. Qb3 {[%clk 1:28:19]} Nd5 {[%clk 1:01:03]} 13. Rd1
{[%clk 1:21:40]} g6 {[%clk 0:29:10]} 14. cxd4 {[%clk 1:08:02]} Qb4
{[%clk 0:29:14]} 15. Qc2 {[%clk 1:07:47]} Bg7 {[%clk 0:29:09]} 16. Be3
{[%clk 1:04:01]} f5 {[%clk 0:28:52]} 17. Rac1 {[%clk 0:45:53]} Kb8
{[%clk 0:26:16]} 18. a3 {[%clk 0:26:54]} Qb5 {[%clk 0:25:51]} 19. a4
{[%clk 0:20:52]} Qa6 {[%clk 0:20:03]} 20. b4 {[%clk 0:17:46]} Ncxb4
{[%clk 0:12:58]} 21. Qb3 {[%clk 0:18:15]} Rhe8 {[%clk 0:11:11]} 22. Bg5
{[%clk 0:15:35]} Rd7 {[%clk 0:06:52]} 23. Ne5 {[%clk 0:09:33]} Bxe5
{[%clk 0:06:07]} 24. dxe5 {[%clk 0:10:01]} Qe6 {[%clk 0:06:35]} 25. a5
{[%clk 0:05:54]} c6 {[%clk 0:06:07]} 26. Be2 {[%clk 0:03:56]} Qxe5
{[%clk 0:04:26]} 27. Bf1 {[%clk 0:04:25]} f4 {[%clk 0:02:31]} 28. h4
{[%clk 0:03:10]} Qg7 {[%clk 0:01:45]} 29. a6 {[%clk 0:02:20]} b6 {[%clk 0:01:28]}
30. Bxf4+ {[%clk 0:01:52]} Nxf4 {[%clk 0:01:51]} 31. Qxb4 {[%clk 0:02:21]} Nd5
{[%clk 0:01:58]} 32. Qa4 {[%clk 0:02:16]} b5 {[%clk 0:01:46]} 33. Qb3
{[%clk 0:02:15]} Rc8 {[%clk 0:00:43]} 34. Rc5 {[%clk 0:01:25]} Nb6
{[%clk 0:00:35]} 35. Rdc1 {[%clk 0:01:32]} Qf6 {[%clk 0:00:41]} 36. Qg3+
{[%clk 0:01:06]} Qd6 {[%clk 0:01:10]} 37. Qf3 {[%clk 0:01:20]} Rdc7
{[%clk 0:00:53]} 38. g3 {[%clk 0:01:15]} Nd7 {[%clk 0:00:52]} 39. Rxb5+
{[%clk 0:01:21]} cxb5 {[%clk 0:01:11]} 40. Rb1 {[%clk 0:01:32]} Rf8
{[%clk 0:01:02]} 41. Qe4 {[%clk 0:01:42]} Nb6 {[%clk 0:01:12]} 42. Rxb5
{[%clk 0:01:20]} Re7 {[%clk 0:01:18]} 43. Qc2 {[%clk 0:01:13]} Re1
{[%clk 0:01:15]} 44. Qb3 {[%clk 0:00:56]} Qd4 {[%clk 0:01:11]} 45. Qa2
{[%clk 0:00:37]} 0-1

[Event "XX Open Internacional Sant Marti 2018"]
[Site "Barcelona"]
[Date "2018.07.20"]
[Round "8.6"]
[White "Ryan, Joseph"]
[Black "Oliva Castaneda, Kevel"]
[Result "1/2-1/2"]
[BlackElo "2491"]
[WhiteElo "2273"]
[LiveChessVersion "1.4.8"]

1. e4 {[%clk 1:26:09]} c5 {[%clk 1:30:52]} 2. Nf3 {[%clk 1:26:32]} e6
{[%clk 1:31:16]} 3. d4 {[%clk 1:26:14]} cxd4 {[%clk 1:31:37]} 4. Nxd4
{[%clk 1:26:35]} Nc6 {[%clk 1:32:03]} 5. Nc3 {[%clk 1:26:47]} Qc7
{[%clk 1:32:27]} 6. g3 {[%clk 1:26:52]} a6 {[%clk 1:32:46]} 7. Bg2
{[%clk 1:27:15]} d6 {[%clk 1:33:12]} 8. O-O {[%clk 1:27:08]} Bd7 {[%clk 1:33:40]}
9. Nxc6 {[%clk 1:26:53]} Bxc6 {[%clk 1:33:42]} 10. a4 {[%clk 1:26:54]} Nf6
{[%clk 1:33:49]} 11. a5 {[%clk 1:26:43]} Be7 {[%clk 1:34:10]} 12. Be3
{[%clk 1:26:48]} O-O {[%clk 1:34:15]} 13. Bb6 {[%clk 1:26:40]} Qc8
{[%clk 1:34:20]} 14. Re1 {[%clk 1:26:26]} Nd7 {[%clk 1:34:33]} 15. Bd4
{[%clk 1:25:34]} Qc7 {[%clk 1:33:49]} 16. Na4 {[%clk 1:23:52]} Rae8
{[%clk 1:25:07]} 17. Nb6 {[%clk 1:23:14]} Nxb6 {[%clk 1:25:30]} 18. Bxb6
{[%clk 1:23:13]} Qd7 {[%clk 1:25:47]} 19. Qd3 {[%clk 1:21:06]} f5
{[%clk 1:24:44]} 20. exf5 {[%clk 1:20:21]} Bxg2 {[%clk 1:25:00]} 21. Kxg2
{[%clk 1:20:14]} Rxf5 {[%clk 1:25:23]} 22. c4 {[%clk 1:14:53]} Bf8
{[%clk 1:15:51]} 1/2-1/2

[Event "XX Open Internacional Sant Marti 2018"]
[Site "Barcelona"]
[Date "2018.07.20"]
[Round "8.8"]
[White "Miciano, John Marvin"]
[Black "Mitrabha, Guha"]
[Result "0-1"]
[BlackElo "2299"]
[WhiteElo "2411"]
[LiveChessVersion "1.4.8"]

1. e4 {[%clk 1:25:46]} c6 {[%clk 1:30:54]} 2. d4 {[%clk 1:24:12]} d5
{[%clk 1:31:20]} 3. exd5 {[%clk 1:23:11]} cxd5 {[%clk 1:31:42]} 4. Bd3
{[%clk 1:23:08]} Nc6 {[%clk 1:32:07]} 5. c3 {[%clk 1:23:21]} Qc7 {[%clk 1:32:31]}
6. h3 {[%clk 1:22:41]} Nf6 {[%clk 1:32:46]} 7. Nf3 {[%clk 1:21:59]} g6
{[%clk 1:33:08]} 8. O-O {[%clk 1:21:01]} Bg7 {[%clk 1:33:35]} 9. Re1
{[%clk 1:20:54]} O-O {[%clk 1:34:01]} 10. Nbd2 {[%clk 1:16:57]} Bf5
{[%clk 1:34:09]} 11. Nf1 {[%clk 1:15:04]} a6 {[%clk 1:33:37]} 12. a4
{[%clk 1:14:13]} Bxd3 {[%clk 1:20:18]} 13. Qxd3 {[%clk 1:14:33]} Ne4
{[%clk 1:18:17]} 14. Ng5 {[%clk 1:09:27]} Nxg5 {[%clk 1:18:21]} 15. Bxg5
{[%clk 1:09:47]} Rfe8 {[%clk 1:14:43]} 16. Qf3 {[%clk 1:05:36]} Qd7
{[%clk 1:14:17]} 17. Ne3 {[%clk 1:01:02]} Rad8 {[%clk 1:14:18]} 18. Bh4
{[%clk 0:50:35]} Na5 {[%clk 1:13:14]} 19. Nc2 {[%clk 0:40:30]} Nc4
{[%clk 1:13:04]} 20. Ra2 {[%clk 0:39:30]} a5 {[%clk 1:12:58]} 21. Ne3
{[%clk 0:32:01]} Nxe3 {[%clk 1:13:05]} 22. Rxe3 {[%clk 0:32:09]} Rc8
{[%clk 1:13:25]} 23. Bg3 {[%clk 0:18:06]} Rc4 {[%clk 1:13:25]} 24. Qd1
{[%clk 0:18:11]} b5 {[%clk 1:12:22]} 25. axb5 {[%clk 0:09:48]} Qxb5
{[%clk 1:12:45]} 26. b3 {[%clk 0:08:45]} Rc6 {[%clk 1:12:18]} 27. Qa1
{[%clk 0:04:21]} Qxb3 {[%clk 1:11:45]} 28. Rxa5 {[%clk 0:04:43]} Bf6
{[%clk 1:10:42]} 29. Qa3 {[%clk 0:01:55]} Qxa3 {[%clk 1:07:18]} 30. Rxa3
{[%clk 0:02:18]} Rec8 {[%clk 1:07:38]} 31. Kf1 {[%clk 0:01:14]} Rb6
{[%clk 1:07:22]} 32. Ke2 {[%clk 0:00:55]} e6 {[%clk 1:04:56]} 33. Kd3
{[%clk 0:00:51]} Bg5 {[%clk 1:04:52]} 34. Re2 {[%clk 0:00:43]} Bc1
{[%clk 1:03:24]} 35. Ra5 {[%clk 0:00:37]} Rbc6 {[%clk 1:02:19]} 36. Rc2
{[%clk 0:00:59]} Bh6 {[%clk 1:02:32]} 37. Rb5 {[%clk 0:00:55]} Bg7
{[%clk 1:02:55]} 38. Rb8 {[%clk 0:00:54]} Rxb8 {[%clk 1:00:31]} 39. Bxb8
{[%clk 0:01:16]} Rb6 {[%clk 1:00:57]} 40. Bf4 {[%clk 0:01:04]} h6
{[%clk 1:00:41]} 41. Be3 {[%clk 0:01:07]} Rb3 {[%clk 1:00:27]} 42. Ke2
{[%clk 0:00:45]} g5 {[%clk 1:00:06]} 43. c4 {[%clk 0:00:43]} dxc4
{[%clk 1:00:28]} 44. Rxc4 {[%clk 0:01:09]} f5 {[%clk 1:00:32]} 45. g3
{[%clk 0:01:20]} Rb7 {[%clk 1:00:34]} 46. Ra4 {[%clk 0:00:36]} Kf7
{[%clk 1:00:59]} 47. Ra5 {[%clk 0:00:57]} Rd7 {[%clk 0:59:30]} 48. Ra4
{[%clk 0:01:21]} Ke7 {[%clk 0:59:47]} 49. Kf3 {[%clk 0:01:30]} Rb7
{[%clk 1:00:11]} 50. Ke2 {[%clk 0:01:19]} Kd7 {[%clk 1:00:31]} 51. Ra5
{[%clk 0:01:30]} Kd6 {[%clk 0:59:22]} 52. Ra6+ {[%clk 0:01:49]} Ke7
{[%clk 0:59:48]} 53. Ra5 {[%clk 0:01:58]} Rd7 {[%clk 1:00:14]} 54. Ra4
{[%clk 0:02:16]} Bf6 {[%clk 1:00:22]} 55. Rb4 {[%clk 0:02:09]} Kf7
{[%clk 0:58:35]} 56. Ra4 {[%clk 0:02:27]} Bd8 {[%clk 0:58:50]} 57. Ra6
{[%clk 0:02:24]} Bc7 {[%clk 0:58:46]} 58. Kf3 {[%clk 0:02:31]} Bd6
{[%clk 0:59:06]} 59. Rb6 {[%clk 0:02:22]} Ke7 {[%clk 0:59:27]} 60. Ra6
{[%clk 0:02:35]} Rb7 {[%clk 0:59:45]} 61. Ke2 {[%clk 0:02:06]} Kd7
{[%clk 1:00:10]} 62. Ra8 {[%clk 0:02:16]} Rb2+ {[%clk 0:59:54]} 63. Kf3
{[%clk 0:01:37]} Rb3 {[%clk 1:00:18]} 64. Ra7+ {[%clk 0:00:58]} Kc6
{[%clk 1:00:43]} 65. Rh7 {[%clk 0:00:45]} f4 {[%clk 1:01:01]} 66. gxf4
{[%clk 0:01:10]} gxf4 {[%clk 1:01:26]} 67. Rxh6 {[%clk 0:01:33]} Kd7
{[%clk 1:00:24]} 68. Rh7+ {[%clk 0:01:48]} Ke8 {[%clk 0:59:49]} 69. Ke4
{[%clk 0:01:48]} fxe3 {[%clk 1:00:15]} 70. fxe3 {[%clk 0:02:13]} Rb5
{[%clk 1:00:43]} 71. h4 {[%clk 0:02:09]} Be7 {[%clk 1:01:07]} 72. Kf4
{[%clk 0:01:16]} Rf5+ {[%clk 1:01:19]} 73. Kg4 {[%clk 0:01:23]} Kd7
{[%clk 1:01:43]} 74. e4 {[%clk 0:01:12]} Rf1 {[%clk 1:02:09]} 75. d5
{[%clk 0:01:37]} e5 {[%clk 1:02:35]} 76. h5 {[%clk 0:00:48]} Rf4+
{[%clk 1:02:09]} 77. Kg3 {[%clk 0:01:16]} Rxe4 {[%clk 1:01:51]} 78. h6
{[%clk 0:01:17]} Rf4 {[%clk 1:02:17]} 79. Rg7 {[%clk 0:01:22]} Rf6
{[%clk 1:02:34]} 80. h7 {[%clk 0:01:36]} Rh6 {[%clk 1:02:47]} 81. Kf3
{[%clk 0:01:43]} Rh4 {[%clk 1:03:08]} 82. Kg3 {[%clk 0:01:44]} Rh1
{[%clk 1:03:16]} 83. Kg4 {[%clk 0:01:05]} Kd6 {[%clk 1:03:10]} 84. Kf5
{[%clk 0:01:28]} Rh4 {[%clk 1:03:26]} 85. Kg6 {[%clk 0:01:06]} e4
{[%clk 1:00:05]} 86. Rg8 {[%clk 0:01:29]} Bf6 {[%clk 1:00:33]} 87. Kxf6
{[%clk 0:01:45]} Rxh7 {[%clk 1:00:59]} 88. Rd8+ {[%clk 0:01:08]} Rd7
{[%clk 1:01:25]} 89. Ra8 {[%clk 0:00:48]} Kxd5 {[%clk 1:01:51]} 90. Ra1
{[%clk 0:00:41]} Rh7 {[%clk 1:01:26]} 91. Rd1+ {[%clk 0:00:54]} Kc4
{[%clk 1:01:55]} 92. Ke5 {[%clk 0:01:02]} e3 {[%clk 1:02:10]} 93. Ke4 Re7+ 94.
Kf3 e2 95. Re1 Kd3 96. Ke4+ 0-1